[Event "WSTCC-65 2020"]
[Site "Prague"]
[Date "2020.03.10"]
[Round "5.14"]
[White "Goormachtigh, Johan"]
[Black "Khanukov, Boris"]
[Result "0-1"]
[WhiteElo "2181"]
[BlackElo "2293"]
[Annotator "TA"]
[PlyCount "116"]
[EventDate "2020.03.06"]
[EventType "team-tourn"]
[EventCountry "CZE"]
[SourceTitle "playchess.com"]
[Source "ChessBase"]
[SourceQuality "1"]

{[%evp 17,116,8,7,0,0,-57,-63,-60,-61,-61,-70,-75,-70,-73,-50,-52,-52,-48,-45,-50,-35,-51,-47,-47,-58,-111,-31,-39,-38,-144,-144,-140,-50,-150,-149,-158,-138,-139,-137,-160,-158,-174,-174,-233,-231,-233,-231,-227,-227,-222,-204,-242,-230,-222,-200,-194,-193,-222,-228,-242,-242,-387,-404,-393,-350,-402,-391,-437,-422,-401,-385,-412,-404,-710,-687,-1052,-1020,-1912,-1902,-1606,-1450,-2287,-2141,-1780,-1880,-1692,-1492,-29956,-12692,-2023,-1643,-29978,-29978,-29980,-29981,-29987,-29988,-29989,-29990,-29992,-29990]} 1. d4 Nf6 2. c4 e6 3. Nf3 b6 4. g3 Ba6 5. Qc2 Be7 6. Bg2 c6 7. O-O O-O 8. Bf4 d5 9. Nbd2 Nbd7 10. Rac1 {E11: Bogo-Indian.} Nh5 11. Qa4 (11. Be3 $11) 11... Nxf4 $15 12. gxf4 {Black is slightly better.} Bxc4 $1 {[%mdl 64] Remove Defender} 13. Nxc4 {Threatens to win with Nce5.} b5 {[%mdl 64] Double Attack} 14. Qa6 {aiming for Nce5.} bxc4 15. Qxc6 {[#]} Qc8 $146 ({Predecessor:} 15... Rb8 16. Rb1 Nf6 17. Qa4 Qd6 18. e3 Rb6 19. Qc2 Rfb8 20. b3 cxb3 21. Rxb3 Rxb3 22. axb3 g6 23. Ne5 {½-½ (24) Petzold,G (2263)-Schulz,J (2225) Germany 2016}) 16. Ne5 Nxe5 17. Qxc8 Nf3+ 18. Bxf3 Raxc8 19. Rc2 f5 20. Ra1 a5 {[%cal Ba7a5,Ba5a4][%mdl 32]} 21. e3 {[#]} ({White should play} 21. b3 $15) 21... Rc7 (21... a4 $1 $17 22. Bd1 Ra8) 22. Bd1 Rb8 23. Rac1 (23. b3 $15) 23... Rcb7 $17 24. b3 {[#]} Ba3 ({Don't play} 24... cxb3 $6 25. Rc8+ Kf7 26. Bxb3 $11) (24... a4 $1 $17 25. bxc4 Ba3) 25. Rb1 ({Better is} 25. Ra1 $15) 25... a4 $1 $36 {[%mdl 2048] Black has strong initiative.} ({Of course not} 25... cxb3 $6 26. axb3 Bf8 27. Ra2 $11) 26. Rc3 Bb4 27. Rc2 Be7 28. Rc3 Kf7 29. Kf1 h6 30. Ra1 (30. Rc2 $142) 30... axb3 31. axb3 cxb3 32. Rb1 {[%cal Rc3b3]} b2 33. Bc2 Bd6 34. Ke2 Rb6 35. h3 g5 36. fxg5 hxg5 37. Kf1 Kf6 38. Kg2 Rb4 39. Rc6 (39. Rd3 {keeps fighting.}) 39... Rc4 $19 40. Rxc4 dxc4 {[%mdl 4096] Endgame KRB-KRB} 41. Kf1 e5 42. dxe5+ Bxe5 43. Rd1 Ra8 44. Ke2 Rh8 45. Rd5 (45. Rh1 $142) 45... Rxh3 46. Rd8 Rh1 {And now ...Rc1 would win.} 47. Rf8+ Ke7 48. Rxf5 Ke6 49. Rxg5 b1=Q 50. Bxb1 Rxb1 {KRB-KR} 51. f4 Rb2+ 52. Kd1 Bd6 53. Rg6+ Kd7 54. f5 c3 {Black mates.} 55. Rg7+ Kc6 56. Ra7 Bc5 57. Ra4 Kb5 58. Re4 Rf2 {Accuracy: White = 42%, Black = 91%.} 0-1

[Event "WSTCC-65 2020"]
[Site "Prague"]
[Date "2020.03.10"]
[Round "5.15"]
[White "Salov, Sergej"]
[Black "Aragones-Melhem, Georgy"]
[Result "1-0"]
[WhiteElo "2135"]
[BlackElo "2106"]
[Annotator "ChessBase"]
[PlyCount "83"]
[EventDate "2020.03.06"]
[EventType "team-tourn"]
[EventCountry "CZE"]
[SourceTitle "playchess.com"]
[Source "ChessBase"]
[SourceQuality "1"]
[TimeControl "40/5400+30:1800+30"]

1. e4 {[%emt 0:00:00]} d6 {[%emt 0:00:00]} 2. d4 {[%emt 0:00:00]} e5 {[%emt 0:00:00]} 3. Nf3 {[%emt 0:00:27]} exd4 {[%emt 0:01:50]} 4. Nxd4 {[%emt 0:00:36]} Nf6 {[%emt 0:00:29]} 5. Nc3 {[%emt 0:00:14]} Be7 {[%emt 0:01:45]} 6. g3 {[%emt 0:01:19]} O-O {[%emt 0:03:25]} 7. Bg2 {[%emt 0:00:28]} Re8 {[%emt 0:00:24]} 8. O-O {[%emt 0:00:48]} c6 {[%emt 0:00:33]} 9. h3 {[%emt 0:02:51]} Qc7 {[%emt 0:01:35]} 10. Re1 {[%emt 0:13:32]} Bf8 {[%emt 0:00:31]} 11. Bf4 {[%emt 0:10:28]} g6 {[%emt 0:00:40]} 12. g4 {[%emt 0:02:12]} Nbd7 {[%emt 0:01:13]} 13. a4 {[%emt 0:05:13]} a5 {[%emt 0:00:30]} 14. Bg3 {[%emt 0:03:54]} Qb6 {[%emt 0:08:24]} 15. Qd2 {[%emt 0:06:23]} Ne5 {[%emt 0:11:53]} 16. b3 {[%emt 0:03:55]} h5 {[%emt 0:03:22]} 17. g5 {[%emt 0:04:26]} Nh7 {[%emt 0:00:38]} 18. f4 {[%emt 0:02:41]} Nd7 {[%emt 0:15:40]} 19. Bf2 {[%emt 0:03:32]} Qb4 {[%emt 0:00:52]} 20. Rad1 {[%emt 0:06:26]} Nc5 {[%emt 0:03:35]} 21. Nde2 {[%emt 0:05:11]} Bd7 {[%emt 0:06:08]} 22. Nc1 {[%emt 0:04:57]} Rad8 {[%emt 0:04:16]} 23. Qd4 {[%emt 0:04:36]} Ne6 {[%emt 0:02:50]} 24. Qxb4 {[%emt 0:03:17]} axb4 {[%emt 0:00:07]} 25. N3e2 {[%emt 0:00:08]} c5 {[%emt 0:00:48]} 26. h4 {[%emt 0:01:36]} Bc6 {[%emt 0:03:36]} 27. f5 {[%emt 0:00:54]} Nc7 {[%emt 0:02:29]} 28. Nf4 {[%emt 0:00:44]} Kg7 {[%emt 0:06:33]} 29. Ncd3 {[%emt 0:02:40]} f6 {[%emt 0:05:09]} 30. Nxg6 {[%emt 0:01:46]} fxg5 {[%emt 0:00:25]} 31. Nxf8 {[%emt 0:01:05]} Rxf8 {[%emt 0:01:46]} 32. hxg5 {[%emt 0:00:45]} Nxg5 {[%emt 0:00:01]} 33. Bh4 Kh6 34. Nf4 {[%emt 0:00:56]} Rg8 {[%emt 0:00:15]} 35. Kf2 {[%emt 0:00:20]} Rdf8 {[%emt 0:00:11]} 36. Rxd6+ {[%emt 0:00:13]} Kh7 {[%emt 0:00:01]} 37. Rg6 {[%emt 0:01:40]} Nf7 {[%emt 0:00:57]} 38. Rxg8 {[%emt 0:00:42]} Rxg8 {[%emt 0:00:16]} 39. Nxh5 {[%emt 0:00:25]} Ne8 {[%emt 0:00:53]} 40. Nf6+ {[%emt 0:00:00]} Nxf6 {[%emt 0:00:00]} 41. Bxf6 {[%emt 0:00:52]} Nh6 {[%emt 0:00:52]} 42. Bf3 {[%emt 0:02:13]} 1-0

[Event "WSTCC-65 2020"]
[Site "Prague"]
[Date "2020.03.10"]
[Round "5.16"]
[White "Schrickx, Frank"]
[Black "Gruzmann, Boris"]
[Result "1/2-1/2"]
[WhiteElo "1826"]
[BlackElo "2206"]
[Annotator "ChessBase"]
[PlyCount "84"]
[EventDate "2020.03.06"]
[EventType "team-tourn"]
[EventCountry "CZE"]
[SourceTitle "playchess.com"]
[Source "ChessBase"]
[SourceQuality "1"]
[TimeControl "40/5400+30:1800+30"]

1. e4 {[%emt 0:00:00]} e5 {[%emt 0:00:00]} 2. Nf3 {[%emt 0:00:00]} Nc6 {[%emt 0:00:00]} 3. Bb5 {[%emt 0:00:00]} a6 {[%emt 0:00:14]} 4. Bxc6 {[%emt 0:00:33]} dxc6 {[%emt 0:00:11]} 5. O-O {[%emt 0:00:08]} Bg4 {[%emt 0:01:04]} 6. h3 {[%emt 0:00:26]} h5 {[%emt 0:00:31]} 7. d3 {[%emt 0:00:37]} Qf6 {[%emt 0:00:38]} 8. Be3 {[%emt 0:01:47]} Bxf3 {[%emt 0:01:09]} 9. Qxf3 {[%emt 0:00:12]} Qxf3 {[%emt 0:00:10]} 10. gxf3 {[%emt 0:00:03]} Bd6 {[%emt 0:00:34]} 11. Nd2 {[%emt 0:00:52]} Ne7 {[%emt 0:00:34]} 12. Nc4 {[%emt 0:02:06]} Ng6 {[%emt 0:01:56]} 13. Nxd6+ {[%emt 0:00:39]} cxd6 {[%emt 0:00:12]} 14. Kh2 {[%emt 0:01:01]} O-O-O {[%emt 0:04:03]} 15. Rg1 {[%emt 0:02:13]} d5 {[%emt 0:01:17]} 16. a4 {[%emt 0:03:15]} Rh7 {[%emt 0:05:01]} 17. Rg3 {[%emt 0:05:12]} Re8 {[%emt 0:08:18]} 18. Rag1 {[%emt 0:07:43]} Re6 {[%emt 0:03:34]} 19. Kh1 {[%emt 0:03:18]} Kc7 {[%emt 0:02:03]} 20. a5 {[%emt 0:04:21]} d4 {[%emt 0:05:59]} 21. Bd2 {[%emt 0:01:24]} c5 {[%emt 0:01:17]} 22. b3 {[%emt 0:00:43]} Kc6 {[%emt 0:04:50]} 23. Bc1 {[%emt 0:11:17]} Kb5 {[%emt 0:00:15]} 24. Bd2 {[%emt 0:00:11]} Rc6 {[%emt 0:00:18]} 25. Kg2 {[%emt 0:02:26]} Nf8 {[%emt 0:16:07]} 26. Kf1 {[%emt 0:01:09]} Ne6 {[%emt 0:00:21]} 27. Ke2 {[%emt 0:00:25]} h4 {[%emt 0:09:10]} 28. Rg4 {[%emt 0:04:44]} f6 {[%emt 0:00:18]} 29. Rg6 {[%emt 0:01:40]} Rc7 {[%emt 0:00:16]} 30. R6g4 {[%emt 0:02:35]} g5 {[%emt 0:08:10]} 31. Ra1 {[%emt 0:02:12]} Nd8 {[%emt 0:02:12]} 32. Rg2 {[%emt 0:01:58]} Rhg7 {[%emt 0:05:52]} 33. Rag1 {[%emt 0:03:38]} Rce7 {[%emt 0:01:16]} 34. Rg4 {[%emt 0:01:25]} Nc6 {[%emt 0:02:02]} 35. Ra1 {[%emt 0:00:14]} Nb4 {[%emt 0:01:20]} 36. Kd1 {[%emt 0:01:51]} Rgf7 {[%emt 0:02:18]} 37. Rg1 {[%emt 0:02:30]} Rf8 {[%emt 0:00:41]} 38. Kc1 {[%emt 0:06:13]} Nc6 {[%emt 0:01:22]} 39. Kd1 {[%emt 0:01:21]} Nd8 {[%emt 0:01:41]} 40. Ke2 {[%emt 0:00:00]} Ne6 {[%emt 0:00:00]} 41. Bc1 {[%emt 0:04:53]} Rg7 {[%emt 0:04:05]} 42. Bd2 {[%emt 0:02:11]} Rfg8 {[%emt 0:07:43]} 1/2-1/2

[Event "WSTCC-65 2020"]
[Site "Prague"]
[Date "2020.03.10"]
[Round "5.17"]
[White "Herzog, Adolf"]
[Black "Birnboim, Nathan"]
[Result "0-1"]
[WhiteElo "2312"]
[BlackElo "2369"]
[Annotator "TA"]
[PlyCount "99"]
[EventDate "2020.03.06"]
[EventType "team-tourn"]
[EventCountry "CZE"]
[SourceTitle "playchess.com"]
[Source "ChessBase"]
[SourceQuality "1"]

{[%evp 11,99,1,2,7,2,0,0,-41,7,11,15,6,3,-97,2,-83,18,12,12,13,24,14,81,14,82,6,66,0,16,35,38,16,122,82,142,0,0,0,0,0,0,0,91,83,94,50,76,-8,0,0,297,261,889,227,230,212,213,200,297,297,441,441,662,662,623,441,662,662,655,655,655,483,468,414,658,434,658,655,602,-4694,-12268,-6191,-6257,-7108,-6466,-29975,-29976,-29971,-29975,-29962]} 1. c4 e5 2. Nc3 Nf6 3. Nf3 Nc6 4. e3 Bb4 5. Qc2 O-O 6. Nd5 Re8 7. Ng5 {A28: English Opening: Four Knights Variation.} g6 $1 8. h4 Bf8 9. Be2 {The position is equal.} d6 10. Nxf6+ $1 Qxf6 11. g4 Qe7 {[#]} 12. a3 $146 (12. Ne4 $11) ({Predecessor:} 12. d3 Bg7 13. Bd2 a5 14. a3 Rb8 15. Ne4 Be6 16. g5 d5 17. cxd5 Bxd5 18. Rc1 {½-½ (61) Grigoryan,K (2587)-Andriasian,Z (2609) Yerevan 2015}) 12... Bg7 (12... e4 $1 $17 13. b4 Bg7) 13. b4 (13. Ne4 $11) 13... Nd4 (13... e4 $17 14. Bb2 Bxb2 15. Qxb2 a6) 14. exd4 $11 exd4 {[%csl Ge8][%cal Re7e2]} 15. d3 {Threatens to win with Kf1.} Bxg4 $1 16. f3 $1 {[%cal Rf3g4]} (16. Ne4 Bxe2 17. Qxe2 f5 $17) 16... Bh5 (16... Bd7 $11) 17. Kd1 ({White should play} 17. Kf1 $1 $16) 17... f5 (17... c6 $11) 18. c5 (18. Nh3 $1 $16) 18... d5 (18... h6 $11 19. cxd6 cxd6 20. Qa2+ Kh8) 19. Bf4 h6 20. Nh3 Qxh4 21. Qd2 (21. Bxc7 Rac8 $11) 21... Re7 (21... Qe7 $11 {remains equal.}) 22. Kc2 (22. Bxh6 Bxh6 23. Qxh6 Rxe2 $1 $17 {[%mdl 512]}) 22... Rae8 ({Black should try} 22... a5) 23. Rh2 ({White has to play} 23. Bd1 $1 $16) 23... Rxe2 $1 24. Rxe2 Rxe2 25. Qxe2 Qxh3 26. Bxc7 Bxf3 ({Much weaker is} 26... Qxf3 $6 27. Qxf3 Bxf3 28. Re1 $16) (26... g5 $1 $11 {keeps the balance.}) 27. Qh2 $1 $16 {[%cal Rh2h3]} Qxh2+ 28. Bxh2 {[%mdl 4096] Endgame KRB-KB} g5 {Hoping for ...f4.} 29. b5 (29. Bb8 $16) 29... f4 $11 {aiming for ...Kf7.} 30. a4 {White wants to play a5.} a5 $2 {[%mdl 8192]} (30... Bf8 $11 {and Black stays safe.} 31. c6 bxc6 32. bxc6 Bd6) 31. c6 $18 b6 $2 {[#]} (31... bxc6 32. b6 Kf7) 32. Kd2 $2 (32. Bxf4 $1 {[%mdl 512] And now Rg1 would win.} Bh5 (32... gxf4 33. Rg1) 33. Bc7) 32... Bg4 33. c7 Bc8 {[#]} 34. Rc1 $1 Bf8 (34... Kf8 $142) 35. Rc6 Kf7 (35... Bc5 $142 36. Rxh6 Kg7) 36. Rxb6 Ke7 (36... Bb4+ $142 37. Ke2 Ke7) 37. Rb8 Kd7 38. b6 Bd6 (38... Bb4+ $142 39. Ke2 Bc5) 39. b7 Bxb7 40. Rxb7 Bxc7 41. Ke2 Kc6 {[#]} 42. Rb2 $1 Bd6 (42... Be5 $142 43. Bg1 g4) 43. Kf1 g4 (43... h5 $142 44. Bg1 Be5) 44. Bg1 f3 45. Rh2 $4 {[%mdl 8192]} (45. Bxd4 $18 h5 46. Rb6+ Kc7 47. Ra6) 45... Bxh2 $19 46. Bxh2 Kc5 47. Bf4 Kb4 48. Bxh6 Kxa4 49. Bg7 Kb3 50. Bxd4 {Never resign too early! Accuracy: White = 52%, Black = 43%.} 0-1

[Event "WSTCC-65 2020"]
[Site "Prague"]
[Date "2020.03.10"]
[Round "5.18"]
[White "Maryasin, Boris"]
[Black "Ager, Josef"]
[Result "1-0"]
[WhiteElo "2305"]
[BlackElo "2139"]
[Annotator "ChessBase"]
[PlyCount "71"]
[EventDate "2020.03.06"]
[EventType "team-tourn"]
[EventCountry "CZE"]
[SourceTitle "playchess.com"]
[Source "ChessBase"]
[SourceQuality "1"]
[TimeControl "40/5400+30:1800+30"]

1. e4 {[%emt 0:00:00]} e5 {[%emt 0:00:00]} 2. Nf3 {[%emt 0:00:15]} Nc6 {[%emt 0:00:00]} 3. Nc3 {[%emt 0:00:58]} Nf6 {[%emt 0:00:29]} 4. Bb5 {[%emt 0:00:10]} Bb4 {[%emt 0:00:14]} 5. O-O {[%emt 0:00:23]} O-O {[%emt 0:02:23]} 6. d3 {[%emt 0:00:12]} d6 {[%emt 0:00:56]} 7. Ne2 {[%emt 0:00:19]} Ne7 {[%emt 0:01:28]} 8. c3 {[%emt 0:00:25]} Ba5 {[%emt 0:00:15]} 9. d4 {[%emt 0:01:31]} c6 {[%emt 0:01:18]} 10. Bd3 {[%emt 0:00:23]} Bc7 {[%emt 0:01:00]} 11. Ng3 {[%emt 0:01:06]} Ng6 {[%emt 0:00:19]} 12. Re1 {[%emt 0:00:46]} Re8 {[%emt 0:01:34]} 13. Be3 {[%emt 0:05:05]} a5 {[%emt 0:07:32]} 14. h3 {[%emt 0:01:20]} b6 {[%emt 0:05:09]} 15. Qc2 {[%emt 0:01:56]} Ba6 {[%emt 0:02:44]} 16. Bxa6 {[%emt 0:01:08]} Rxa6 {[%emt 0:00:01]} 17. Rad1 {[%emt 0:00:20]} Qb8 {[%emt 0:00:58]} 18. dxe5 {[%emt 0:01:16]} dxe5 {[%emt 0:00:42]} 19. Bg5 {[%emt 0:01:54]} Re6 {[%emt 0:02:55]} 20. Nf5 {[%emt 0:00:59]} h6 {[%emt 0:01:48]} 21. Bxh6 {[%emt 0:02:57]} gxh6 {[%emt 0:00:20]} 22. Nxh6+ {[%emt 0:00:08]} Kg7 {[%emt 0:00:17]} 23. Nf5+ {[%emt 0:02:22]} Kf8 {[%emt 0:05:49]} 24. Ng5 {[%emt 0:02:05]} Qe8 {[%emt 0:03:15]} 25. Nxe6+ {[%emt 0:00:50]} fxe6 {[%emt 0:00:30]} 26. Nd6 {[%emt 0:05:56]} Qe7 {[%emt 0:00:30]} 27. Qd2 {[%emt 0:01:44]} Kg7 {[%emt 0:00:43]} 28. Re3 {[%emt 0:00:35]} Ra8 {[%emt 0:00:23]} 29. Rg3 {[%emt 0:03:35]} Nh5 {[%emt 0:01:20]} 30. Rd3 {[%emt 0:00:09]} Nf6 {[%emt 0:04:03]} 31. Qg5 {[%emt 0:04:37]} Bxd6 {[%emt 0:00:38]} 32. Rxd6 {[%emt 0:00:12]} Nxe4 {[%emt 0:00:12]} 33. Qxe7+ {[%emt 0:00:21]} Nxe7 {[%emt 0:00:10]} 34. Rxe6 {[%emt 0:00:24]} Kf7 {[%emt 0:00:34]} 35. Rxe5 {[%emt 0:00:12]} Nf6 {[%emt 0:00:13]} 36. Rd6 {[%emt 0:01:28]} 1-0

[Event "WSTCC-65 2020"]
[Site "Prague"]
[Date "2020.03.10"]
[Round "5.19"]
[White "Mira, Helene"]
[Black "Shevelev, Arkady"]
[Result "1/2-1/2"]
[WhiteElo "2092"]
[BlackElo "2278"]
[Annotator "ChessBase"]
[PlyCount "62"]
[EventDate "2020.03.06"]
[EventType "team-tourn"]
[EventCountry "CZE"]
[SourceTitle "playchess.com"]
[Source "ChessBase"]
[SourceQuality "1"]
[TimeControl "40/5400+30:1800+30"]

1. d4 {[%emt 0:00:15]} Nf6 {[%emt 0:00:00]} 2. Nf3 {[%emt 0:00:17]} d5 {[%emt 0:00:00]} 3. c4 {[%emt 0:00:40]} c5 {[%emt 0:00:00]} 4. cxd5 {[%emt 0:00:33]} cxd4 {[%emt 0:00:05]} 5. Qa4+ {[%emt 0:00:11]} Qd7 {[%emt 0:00:09]} 6. Qxd4 {[%emt 0:00:08]} Qxd5 {[%emt 0:00:09]} 7. Nc3 {[%emt 0:00:31]} Qxd4 {[%emt 0:00:08]} 8. Nxd4 {[%emt 0:00:09]} a6 {[%emt 0:00:06]} 9. g3 {[%emt 0:00:17]} e5 {[%emt 0:00:08]} 10. Nb3 {[%emt 0:00:08]} Bd7 {[%emt 0:00:21]} 11. Bg2 {[%emt 0:00:12]} Bc6 {[%emt 0:00:06]} 12. O-O {[%emt 0:00:16]} Bb4 {[%emt 0:00:16]} 13. Bd2 {[%emt 0:00:23]} Bxg2 {[%emt 0:00:53]} 14. Kxg2 {[%emt 0:00:06]} Nc6 {[%emt 0:00:19]} 15. a3 {[%emt 0:00:16]} Be7 {[%emt 0:06:55]} 16. Bg5 {[%emt 0:00:13]} O-O-O {[%emt 0:00:43]} 17. Rfd1 {[%emt 0:03:37]} Rxd1 {[%emt 0:04:08]} 18. Rxd1 {[%emt 0:00:04]} Rd8 {[%emt 0:00:55]} 19. Rxd8+ {[%emt 0:00:41]} Bxd8 {[%emt 0:00:33]} 20. Bxf6 {[%emt 0:00:09]} Bxf6 {[%emt 0:00:20]} 21. Nd5 {[%emt 0:00:07]} Bd8 {[%emt 0:01:05]} 22. e4 {[%emt 0:03:52]} b6 {[%emt 0:05:11]} 23. Nd2 {[%emt 0:01:03]} Kd7 {[%emt 0:00:27]} 24. Kf3 {[%emt 0:02:34]} b5 {[%emt 0:00:52]} 25. Ke3 {[%emt 0:00:19]} Kd6 {[%emt 0:00:38]} 26. Kd3 {[%emt 0:00:09]} Ne7 {[%emt 0:04:02]} 27. Nxe7 {[%emt 0:07:35]} Kxe7 {[%emt 0:01:50]} 28. b4 {[%emt 0:00:15]} a5 {[%emt 0:01:13]} 29. Nb1 {[%emt 0:01:54]} Kd6 {[%emt 0:02:07]} 30. Nc3 {[%emt 0:00:11]} Kc6 {[%emt 0:00:25]} 31. Nd5 {[%emt 0:00:11]} a4 {[%emt 0:00:50]} 1/2-1/2

[Event "WSTCC-65 2020"]
[Site "Prague"]
[Date "2020.03.10"]
[Round "5.20"]
[White "Lederman, Leon"]
[Black "Danner, Lambert"]
[Result "1-0"]
[WhiteElo "2234"]
[BlackElo "2022"]
[Annotator "ChessBase"]
[PlyCount "81"]
[EventDate "2020.03.06"]
[EventType "team-tourn"]
[EventCountry "CZE"]
[SourceTitle "playchess.com"]
[Source "ChessBase"]
[SourceQuality "1"]
[TimeControl "40/5400+30:1800+30"]

1. e4 {[%emt 0:00:00]} d6 {[%emt 0:00:00]} 2. d4 {[%emt 0:00:00]} Nf6 {[%emt 0:00:00]} 3. Nc3 {[%emt 0:00:00]} Nbd7 {[%emt 0:00:17]} 4. f4 {[%emt 0:01:09]} e5 {[%emt 0:00:22]} 5. Nf3 {[%emt 0:00:07]} exd4 {[%emt 0:00:27]} 6. Qxd4 {[%emt 0:00:28]} c6 {[%emt 0:00:34]} 7. Be3 {[%emt 0:10:39]} d5 {[%emt 0:01:50]} 8. e5 {[%emt 0:01:22]} Bc5 {[%emt 0:00:58]} 9. Qd2 {[%emt 0:02:22]} Bxe3 {[%emt 0:01:00]} 10. Qxe3 {[%emt 0:00:05]} Ng4 {[%emt 0:00:10]} 11. Qd4 {[%emt 0:06:37]} Qb6 {[%emt 0:00:24]} 12. h3 {[%emt 0:00:33]} Qxd4 {[%emt 0:00:52]} 13. Nxd4 {[%emt 0:00:12]} Ne3 {[%emt 0:00:08]} 14. Kd2 {[%emt 0:00:42]} Nxf1+ {[%emt 0:00:25]} 15. Rhxf1 {[%emt 0:00:14]} O-O {[%emt 0:00:25]} 16. Rae1 {[%emt 0:04:53]} Nc5 {[%emt 0:02:42]} 17. f5 {[%emt 0:01:32]} Re8 {[%emt 0:03:02]} 18. g4 {[%emt 0:01:05]} a5 {[%emt 0:01:17]} 19. b3 {[%emt 0:01:38]} Bd7 {[%emt 0:01:26]} 20. a3 {[%emt 0:01:26]} Rad8 {[%emt 0:02:09]} 21. Rf4 {[%emt 0:29:00]} Bc8 {[%emt 0:04:36]} 22. b4 {[%emt 0:04:08]} axb4 {[%emt 0:00:51]} 23. axb4 {[%emt 0:00:02]} Nd7 {[%emt 0:01:48]} 24. e6 {[%emt 0:07:26]} Nb6 {[%emt 0:00:24]} 25. exf7+ {[%emt 0:00:19]} Kxf7 {[%emt 0:00:12]} 26. Ne6 {[%emt 0:03:26]} Bxe6 {[%emt 0:01:35]} 27. fxe6+ {[%emt 0:00:32]} Kg6 {[%emt 0:00:42]} 28. Rf7 {[%emt 0:04:57]} Rd6 {[%emt 0:02:17]} 29. Rxb7 {[%emt 0:01:39]} Nc4+ {[%emt 0:00:43]} 30. Kd3 {[%emt 0:01:37]} Rdxe6 {[%emt 0:01:24]} 31. Rxe6+ {[%emt 0:00:06]} Rxe6 {[%emt 0:00:05]} 32. Rc7 {[%emt 0:01:47]} Re3+ {[%emt 0:04:09]} 33. Kd4 {[%emt 0:01:38]} Rxh3 {[%emt 0:00:08]} 34. Rxc6+ {[%emt 0:00:06]} Kg5 {[%emt 0:00:08]} 35. Nxd5 {[%emt 0:00:27]} Na3 {[%emt 0:03:44]} 36. Rc5 {[%emt 0:01:36]} Kxg4 {[%emt 0:00:33]} 37. b5 {[%emt 0:00:13]} Rh1 {[%emt 0:03:52]} 38. Nb4 {[%emt 0:07:34]} Rd1+ {[%emt 0:01:52]} 39. Kc3 {[%emt 0:02:35]} Rb1 {[%emt 0:07:12]} 40. b6 {[%emt 0:00:00]} Nxc2 {[%emt 0:00:00]} 41. Rc4+ {[%emt 0:00:46]} 1-0

[Event "WSTCC-65 2020"]
[Site "Prague"]
[Date "2020.03.10"]
[Round "5.25"]
[White "Klundt, Klaus"]
[Black "Ogaard, Leif"]
[Result "1/2-1/2"]
[WhiteElo "2299"]
[BlackElo "2362"]
[Annotator "TA"]
[PlyCount "33"]
[EventDate "2020.03.06"]
[EventType "team-tourn"]
[EventCountry "CZE"]
[SourceTitle "playchess.com"]
[Source "ChessBase"]
[SourceQuality "1"]

{[%evp 12,33,31,7,28,30,25,25,25,25,27,27,28,28,35,30,27,13,7,7,18,12,31,24]} 1. e4 e6 2. d4 d5 3. Nd2 dxe4 4. Nxe4 Nd7 5. Nf3 Ngf6 6. Nxf6+ Nxf6 7. Ne5 Nd7 {C10: French with 3 Nc3: Unusual Black 3rd moves and 3...dxe4.} 8. Be3 Nxe5 9. dxe5 Qxd1+ {White has an edge.} 10. Rxd1 Bd7 {[#]} 11. Be2 $146 ({Predecessor:} 11. h4 h5 12. Rh3 Be7 13. Rg3 Bxh4 14. Rxg7 Bc6 15. Bg5 Bxg5 16. Rxg5 Ke7 17. Rd3 {½-½ (33) Di Paolo,R (2341)-Vernay,C (2347) Grenoble 2007}) 11... Bc6 12. O-O Be7 13. f4 O-O 14. Bf3 Bxf3 15. Rxf3 Rfd8 16. Rff1 a6 17. Kf2 1/2-1/2

[Event "WSTCC-65 2020"]
[Site "Prague"]
[Date "2020.03.10"]
[Round "5.26"]
[White "Heim, Sverre"]
[Black "Kannenberg, Karl-Heinz"]
[Result "1-0"]
[WhiteElo "2316"]
[BlackElo "2118"]
[Annotator "TA"]
[PlyCount "71"]
[EventDate "2020.03.06"]
[EventType "team-tourn"]
[EventCountry "CZE"]
[SourceTitle "playchess.com"]
[Source "ChessBase"]
[SourceQuality "1"]

{[%evp 10,71,24,18,24,6,14,9,8,13,31,32,31,0,0,11,22,17,26,27,26,20,15,15,39,47,51,51,50,47,43,42,55,45,66,59,67,54,60,47,47,27,27,27,27,27,200,197,193,192,173,167,159,153,609,558,521,485,2899,3658,6075,6075,6075,5930]} 1. e4 c6 2. Nc3 d5 3. Nf3 dxe4 4. Nxe4 Nf6 5. Nxf6+ exf6 6. Bc4 Qe7+ {B11: Caro-Kann: Two Knights Variation.} 7. Qe2 (7. Be2 {with more complications.} Qc7 8. d4 Bd6 9. c4 c5 10. d5) 7... Bg4 8. O-O Qxe2 {The position is equal.} 9. Bxe2 {[#]} Bc5 $146 ({Predecessor:} 9... Nd7 10. Nd4 Bxe2 11. Nxe2 O-O-O 12. d4 Bd6 13. Re1 Nf8 14. c3 Ne6 15. Be3 Bb8 {½-½ (83) Rodriguez Lopez,R (2259)-Larino Nieto,D (2445) Linares 2014}) 10. h3 Bh5 11. Nd4 (11. Re1 {is more complex.} O-O 12. d4 Bd6 13. Bd2 Rd8 14. c4) 11... Bxe2 12. Nxe2 O-O 13. d4 Re8 14. Be3 Bb6 15. c4 Nd7 16. Rfd1 Nf8 17. c5 Bc7 18. d5 cxd5 19. Rxd5 Ne6 20. Rad1 Rad8 21. b4 a6 22. a4 Kf8 23. Kf1 f5 24. Rxd8 Rxd8 25. Rxd8+ Bxd8 26. Nd4 Nxd4 27. Bxd4 $11 {[%mdl 4096] Endgame KB-KB} f6 $2 {[#]} (27... Ke7 $1 $11 {and Black stays safe.}) 28. Ke2 $1 $18 Ke8 29. Kd3 Kd7 30. Kc4 Ke6 31. b5 Bc7 $2 {[#] Black cannot hold the game after this.} (31... axb5+ $16 32. axb5 Bc7) 32. c6 {White is clearly winning.} axb5+ 33. Kxb5 Kd5 (33... bxc6+ $142 34. Kxc6 Ba5) 34. cxb7 Kxd4 35. a5 {[%cal Ba4a5,Ba5a6][%mdl 32]} Kd5 36. a6 {Accuracy: White = 100%, Black = 67%.} 1-0